| 000 | 00363pab a2200157 454500 | ||
|---|---|---|---|
| 008 | 180718b1996 xxu||||| |||| 00| 0 eng d | ||
| 100 | _aDas, J.K. | ||
| 245 | _aThe new Lok Pal Bill is undemocratic | ||
| 260 | _c1996 | ||
| 300 | _ap.8 | ||
| 362 | _a19 Oct | ||
| 650 | _aOmbudsman - India | ||
| 650 | _aOmbudsman | ||
| 773 | _aIndian Express | ||
| 909 | _a33694 | ||
| 999 |
_c33694 _d33694 |
||